[Event "Kiev-ch"]
[Site "Kiev"]
[Date "2009.01.29"]
[Round "10"]
[White "Perun, Sergey"]
[Black "Matorin, Evgeny"]
[Result "1-0"]
[WhiteElo "2353"]
[BlackElo "2223"]
[PlyCount "31"]
[EventDate "2009.01.17"]
[EventType "swiss"]
[EventRounds "11"]
[EventCountry "UKR"]
[SourceTitle "CBM 128 Extra"]
[Source "ChessBase"]
[SourceDate "2009.03.05"]
[SourceVersion "2"]
[SourceVersionDate "2009.03.25"]
[SourceQuality "1"]

1. d4 Nf6 2. c4 e6 3. Nc3 c5 4. Nf3 cxd4 5. Nxd4 Nc6 6. Ndb5 d6 7. Bf4 e5 8. Bg5 a6 9. Na3 Be7 10. e3 Be6 11. Be2 Rc8 12. 0-0 0-0 13. Qd2 Na5 14. Bxf6 gxf6 15. Nd5 f5 16. Nxe7+ 1-0

[Event "Kiev-ch"]
[Site "Kiev"]
[Date "2009.01.20"]
[Round "4"]
[White "Zsiltzova Lisenko, Lubov"]
[Black "Perun, Sergey"]
[Result "1/2-1/2"]
[WhiteElo "2293"]
[BlackElo "2353"]
[PlyCount "78"]
[EventDate "2009.01.17"]
[EventType "swiss"]
[EventRounds "11"]
[EventCountry "UKR"]
[SourceTitle "CBM 128 Extra"]
[Source "ChessBase"]
[SourceDate "2009.03.05"]
[SourceVersion "2"]
[SourceVersionDate "2009.03.25"]
[SourceQuality "1"]

1. e4 c5 2. Nf3 e6 3. d4 cxd4 4. Nxd4 Nf6 5. Nc3 d6 6. Be2 Be7 7. 0-0 0-0 8. f4 a6 9. Be3 Qc7 10. g4 Re8 11. g5 Nfd7 12. Bh5 g6 13. Bg4 Bf8 14. f5 Ne5 15. fxe6 fxe6 16. Rf6 Nxg4 17. Qxg4 Nd7 18. Rf2 Ne5 19. Qf4 Bg7 20. Qg3 Bd7 21. Nde2 Rf8 22. Raf1 Rxf2 23. Rxf2 Qc4 24. b3 Qc6 25. Bd4 b5 26. Bxe5 Bxe5 27. Qf3 b4 28. Qf7+ Kh8 29. Qe7 Bg7 30. Rf7 Qc5+ 31. Kf1 Qe5 32. Qxd7 bxc3 33. Qe7 Rg8 34. Ng3 d5 35. exd5 Qxd5 36. Rxg7 Qd1+ 37. Kg2 Qxc2+ 38. Kh3 Rxg7 39. Qd8+ Rg8 1/2-1/2

[Event "Kiev-ch"]
[Site "Kiev"]
[Date "2008.01.30"]
[Round "10"]
[White "Romanov, Vladimir"]
[Black "Perun, Sergey"]
[Result "0-1"]
[WhiteElo "2258"]
[BlackElo "2352"]
[PlyCount "82"]
[EventDate "2008.01.19"]
[EventType "swiss"]
[EventRounds "11"]
[EventCountry "UKR"]
[SourceTitle "CBM 122 Extra"]
[Source "ChessBase"]
[SourceDate "2008.03.04"]
[SourceVersion "1"]
[SourceVersionDate "2008.03.04"]
[SourceQuality "1"]

1. e4 c5 2. Nc3 e6 3. f4 d5 4. Nf3 dxe4 5. Nxe4 Nc6 6. Bb5 Bd7 7. 0-0 Be7 8. d3 Nf6 9. c3 a6 10. Ba4 0-0 11. Bc2 Qc7 12. Qe2 Rad8 13. Bd2 Bc8 14. Rae1 b6 15. Ne5 Nxe4 16. Qxe4 Bb7 17. Qe2 Bh4 18. Rd1 Qe7 19. Qg4 g6 20. Nf3 Bf6 21. Rde1 Qd7 22. Ne5 Qc7 23. Qg3 Ne7 24. Ng4 Bg7 25. h4 Nf5 26. Qh3 h5 27. Ne5 Qe7 28. g3 Bd5 29. b3 Bf6 30. Re2 Kg7 31. Be1 Ba8 32. Bf2 Rh8 33. Rfe1 Qb7 34. Kh2 Nh6 35. d4 Ng4+ 36. Kg1 Nxf2 37. Rxf2 cxd4 38. cxd4 Rxd4 39. Nf3 Qc6 40. Kh2 Qc3 41. Nxd4 Qxe1 0-1

[Event "Kiev-ch"]
[Site "Kiev"]
[Date "2008.01.29"]
[Round "9"]
[White "Perun, Sergey"]
[Black "Zakharchenko, Arnold"]
[Result "1/2-1/2"]
[WhiteElo "2352"]
[BlackElo "2309"]
[PlyCount "99"]
[EventDate "2008.01.19"]
[EventType "swiss"]
[EventRounds "11"]
[EventCountry "UKR"]
[SourceTitle "CBM 122 Extra"]
[Source "ChessBase"]
[SourceDate "2008.03.04"]
[SourceVersion "1"]
[SourceVersionDate "2008.03.04"]
[SourceQuality "1"]

1. d4 Nf6 2. Nf3 g6 3. c4 c5 4. Nc3 cxd4 5. Nxd4 Nc6 6. e4 d6 7. Be2 Nxd4 8. Qxd4 Bg7 9. Bg5 0-0 10. Qd2 Be6 11. Rc1 Qa5 12. f3 Rfe8 13. Nd5 Qc5 14. Be3 Qc6 15. 0-0 Nd7 16. Rfd1 a5 17. b3 Nc5 18. Kh1 b6 19. Bf1 Qb7 20. Re1 Bd7 21. Nc3 Bc6 22. Nb5 Rad8 23. Red1 Be5 24. Rb1 Qb8 25. Nd4 Bb7 26. h3 e6 27. Bg5 f6 28. Be3 d5 29. cxd5 exd5 30. exd5 Bxd5 31. Bb5 Rf8 32. Qf2 Bg3 33. Qg1 Bf4 34. Ne2 Bxe3 35. Qxe3 Bf7 36. Qe7 Qe5 37. Qxe5 fxe5 38. Nc3 Kg7 39. Kg1 Ne6 40. Kf2 Nd4 41. Bf1 Rc8 42. Rdc1 Rc6 43. Nb5 Rfc8 44. Rxc6 Rxc6 45. Nxd4 exd4 46. Rb2 Kf6 47. Bd3 Ke5 48. g3 Rc3 49. Ke2 Kd6 50. f4 1/2-1/2

[Event "Nabokov Memorial 5th"]
[Site "Kiev"]
[Date "2007.06.05"]
[Round "3"]
[White "Diulger, Alexey"]
[Black "Perun, Sergey"]
[Result "1/2-1/2"]
[WhiteElo "2364"]
[BlackElo "2356"]
[PlyCount "59"]
[EventDate "2007.06.03"]
[EventType "tourn"]
[EventRounds "11"]
[EventCountry "UKR"]
[EventCategory "4"]
[SourceTitle "CBM 118 Extra"]
[Source "ChessBase"]
[SourceDate "2007.07.04"]
[SourceVersion "1"]
[SourceVersionDate "2007.07.04"]
[SourceQuality "1"]

1. d4 d5 2. Nf3 Nf6 3. Bf4 Bf5 4. e3 e6 5. c4 c6 6. Qb3 Qb6 7. c5 Qxb3 8. axb3 a6 9. b4 Bxb1 10. Rxb1 Nbd7 11. h3 Be7 12. Nd2 Kd8 13. Ra1 Kc8 14. b5 cxb5 15. Bxb5 Nb8 16. Nf3 Nfd7 17. Kd2 Nc6 18. Rhb1 Ra7 19. Ba4 Bd8 20. b4 Bc7 21. Bxc6 bxc6 22. b5 cxb5 23. Rxb5 f6 24. Rb3 e5 25. Bg3 Re8 26. Ne1 Rb7 27. Rxb7 Kxb7 28. Nd3 a5 29. Nc1 Kc6 30. Nb3 1/2-1/2

[Event "Kiev-ch"]
[Site "Kiev"]
[Date "2007.01.26"]
[Round "7"]
[White "Perun, Sergey"]
[Black "Golichenko, Ilja"]
[Result "1/2-1/2"]
[WhiteElo "2357"]
[BlackElo "2300"]
[PlyCount "93"]
[EventDate "2007.01.20"]
[EventType "swiss"]
[EventRounds "11"]
[EventCountry "UKR"]
[SourceTitle "CBM 116 Extra"]
[Source "ChessBase"]
[SourceDate "2007.03.07"]
[SourceVersion "1"]
[SourceVersionDate "2007.03.07"]
[SourceQuality "1"]

1. d4 Nf6 2. Bg5 Ne4 3. Bf4 d5 4. Nd2 c5 5. Nxe4 dxe4 6. dxc5 Qa5+ 7. c3 Qxc5 8. Qa4+ Qc6 9. Qxc6+ Nxc6 10. e3 e5 11. Bg3 Bd6 12. Bc4 h5 13. h4 Ke7 14. Ne2 Be6 15. Bxe6 Kxe6 16. 0-0-0 Rac8 17. Kb1 Rhd8 18. Rd2 Bc5 19. Rhd1 Rxd2 20. Rxd2 Ne7 21. b4 Bb6 22. Kb2 Nf5 23. Kb3 Bd8 24. c4 Bxh4 25. Bxh4 Nxh4 26. Ng3 f5 27. Nxh5 g6 28. Ng3 Nxg2 29. c5 Rc6 30. Kc4 a6 31. a4 b6 32. Rd8 bxc5 33. bxc5 Ne1 34. Re8+ Kf7 35. Rxe5 Nd3 36. Rd5 Nxf2 37. Ne2 Ng4 38. Kd4 Nf6 39. Rd6 Rxd6+ 40. cxd6 Ke6 41. Nf4+ Kxd6 42. Nxg6 Nd5 43. Nh4 Ne7 44. Kc4 Ke5 45. Kc5 Nd5 46. Nxf5 Nc3 47. Ng3 1/2-1/2

[Event "Kiev Independence Cup-A 6th"]
[Site "Kiev"]
[Date "2006.08.20"]
[Round "8"]
[White "Vysochin, Spartak"]
[Black "Perun, Sergey"]
[Result "1-0"]
[WhiteElo "2555"]
[BlackElo "2355"]
[PlyCount "73"]
[EventDate "2006.08.13"]
[EventType "swiss"]
[EventRounds "11"]
[EventCountry "UKR"]
[SourceTitle "CBM 113 Extra"]
[Source "ChessBase"]
[SourceDate "2006.09.14"]
[SourceVersion "1"]
[SourceVersionDate "2006.09.14"]
[SourceQuality "1"]

1. e4 c5 2. Nf3 e6 3. c3 d5 4. e5 Nc6 5. d4 Qb6 6. a3 c4 7. Nbd2 f6 8. Be2 fxe5 9. Nxe5 Nf6 10. f4 Bd6 11. Ndf3 0-0 12. Qc2 Qc7 13. 0-0 Bd7 14. Nxd7 Qxd7 15. Ne5 Qc7 16. Be3 Rae8 17. Rae1 Ne7 18. Bc1 b5 19. Bf3 Nf5 20. g3 Be7 21. Ng4 Qd7 22. Re2 Nxg4 23. Bxg4 g6 24. Rfe1 Bd6 25. Rf2 a5 26. Bd1 b4 27. axb4 axb4 28. Qe2 b3 29. Qf1 Re7 30. Bf3 Bc7 31. Rfe2 Rfe8 32. Qh3 Kg7 33. g4 Nd6 34. f5 exf5 35. Qh6+ Kg8 36. Bxd5+ Nf7 37. Bxf7+ 1-0

[Event "Kiev Independence Cup-A 6th"]
[Site "Kiev"]
[Date "2006.08.19"]
[Round "7"]
[White "Perun, Sergey"]
[Black "Kruppa, Yuri"]
[Result "1/2-1/2"]
[WhiteElo "2355"]
[BlackElo "2540"]
[PlyCount "151"]
[EventDate "2006.08.13"]
[EventType "swiss"]
[EventRounds "11"]
[EventCountry "UKR"]
[SourceTitle "CBM 113 Extra"]
[Source "ChessBase"]
[SourceDate "2006.09.14"]
[SourceVersion "1"]
[SourceVersionDate "2006.09.14"]
[SourceQuality "1"]

1. d4 Nf6 2. Nf3 g6 3. c4 Bg7 4. Nc3 0-0 5. e4 d6 6. Be2 Na6 7. 0-0 e5 8. Re1 Qe8 9. Bf1 Bg4 10. Be3 Bxf3 11. Qxf3 Ng4 12. dxe5 Nxe3 13. Qxe3 Qxe5 14. Qd2 Qa5 15. Rac1 Nc5 16. Qc2 c6 17. f3 Rfe8 18. Red1 Ne6 19. b3 Nd4 20. Qd3 f5 21. Qd2 Rad8 22. Kh1 fxe4 23. Nxe4 Qxd2 24. Rxd2 d5 25. cxd5 cxd5 26. Ng5 Nf5 27. f4 Bd4 28. Rcd1 Bb6 29. Bb5 Re7 30. g3 Ne3 31. Rb1 Rc8 32. Nf3 Rec7 33. h3 Rc2 34. a4 Rxd2 35. Nxd2 Rc2 36. Nf1 d4 37. Nxe3 dxe3 38. Re1 Kf7 39. Re2 Rc1+ 40. Kg2 Ke7 41. Bc4 Bd4 42. Kf3 a5 43. Ke4 Bc5 44. h4 b6 45. Rh2 Kf6 46. g4 Kg7 47. f5 Rg1 48. g5 Rg4+ 49. Kd5 Bd4 50. Ke6 Re4+ 51. Kd5 gxf5 52. Bd3 Rf4 53. Bxf5 Rxf5+ 54. Kxd4 Rf2 55. Rh3 e2 56. Re3 Kg6 57. Kd3 Kh5 58. Kd2 Kxh4 59. Re7 Kxg5 60. Rxh7 Rf3 61. Kxe2 Rxb3 62. Kd2 Rb4 63. Rb7 Kf5 64. Kc3 Ke5 65. Rb8 Kd6 66. Rd8+ Ke5 67. Re8+ Kd5 68. Rd8+ Ke5 69. Re8+ Kf5 70. Re1 Kf6 71. Re2 Kf5 72. Re1 Kf4 73. Re6 Kf3 74. Kc2 Kf4 75. Kc3 Kf5 76. Re1 1/2-1/2

[Event "Kiev Independence Cup-A 6th"]
[Site "Kiev"]
[Date "2006.08.18"]
[Round "6"]
[White "Perun, Sergey"]
[Black "Zontakh, Andrey"]
[Result "1/2-1/2"]
[WhiteElo "2355"]
[BlackElo "2555"]
[PlyCount "188"]
[EventDate "2006.08.13"]
[EventType "swiss"]
[EventRounds "11"]
[EventCountry "UKR"]
[SourceTitle "CBM 113 Extra"]
[Source "ChessBase"]
[SourceDate "2006.09.14"]
[SourceVersion "1"]
[SourceVersionDate "2006.09.14"]
[SourceQuality "1"]

1. d4 Nf6 2. Nf3 e6 3. c4 c5 4. Nc3 cxd4 5. Nxd4 a6 6. a3 d5 7. e3 dxc4 8. Bxc4 Bd6 9. Bd3 0-0 10. Ne4 Nxe4 11. Bxe4 Qe7 12. g3 Nd7 13. Qc2 g6 14. 0-0 e5 15. Nb3 Nf6 16. Bg2 Be6 17. Na5 Rac8 18. Qa4 e4 19. Bd2 Rfd8 20. Bc3 Nd5 21. Bd4 b5 22. Qd1 f5 23. Qd2 b4 24. Rfc1 Qd7 25. Bf1 Rxc1 26. Qxc1 Bf8 27. Qc6 bxa3 28. bxa3 Qxc6 29. Nxc6 Ra8 30. Rb1 a5 31. a4 Nb4 32. Bb5 Nc2 33. Rc1 Nb4 34. Bb6 Nxc6 35. Rxc6 Bf7 36. Bd4 Bg7 37. Bxg7 Kxg7 38. Kg2 h5 39. h3 Bb3 40. g4 hxg4 41. hxg4 fxg4 42. Kg3 Bd1 43. Re6 Rh8 44. Bf1 Bxa4 45. Ra6 Rh5 46. Ra7+ Kh6 47. Be2 Rc5 48. Bxg4 Kg5 49. Ra6 Bc6 50. Be6 a4 51. Bg8 Kf5 52. Bf7 g5 53. Bg8 Bd7 54. Ra7 Bc6 55. Ra6 Ke5 56. Bf7 Kd6 57. Be8 Rc1 58. Bxc6 Rxc6 59. Rxa4 Ke5 60. Ra5+ Kf6 61. Kg4 Rc2 62. Rf5+ Ke6 63. Kxg5 Ra2 64. Rf8 Rb2 65. Kg4 Ke5 66. Kg3 Rb1 67. Kg2 Rb7 68. Rd8 Rg7+ 69. Kf1 Rf7 70. Ra8 Kd5 71. Ra5+ Ke6 72. Rg5 Rf8 73. Kg2 Rf7 74. Rg4 Ke5 75. Rh4 Rf8 76. Rh5+ Ke6 77. Kf1 Rf7 78. Ke2 Rf6 79. Rh2 Rf7 80. Rh1 Rf8 81. Rd1 Rf7 82. Rd8 Ke5 83. Re8+ Kd5 84. Rg8 Ke5 85. Rg5+ Ke6 86. Rg2 Ke5 87. Kd2 Rd7+ 88. Kc3 Rc7+ 89. Kb4 Kf5 90. Kb5 Rc1 91. Rg8 Rc2 92. Rf8+ Ke5 93. Kb4 Rc7 94. Rf4 Rc8 1/2-1/2

[Event "Kiev Independence Cup-A 6th"]
[Site "Kiev"]
[Date "2006.08.13"]
[Round "1"]
[White "Palkovich, Denis"]
[Black "Perun, Sergey"]
[Result "0-1"]
[WhiteElo "2212"]
[BlackElo "2355"]
[PlyCount "90"]
[EventDate "2006.08.13"]
[EventType "swiss"]
[EventRounds "11"]
[EventCountry "UKR"]
[SourceTitle "CBM 113 Extra"]
[Source "ChessBase"]
[SourceDate "2006.09.14"]
[SourceVersion "1"]
[SourceVersionDate "2006.09.14"]
[SourceQuality "1"]

1. e4 c5 2. Nf3 e6 3. d4 cxd4 4. Nxd4 a6 5. Nc3 b5 6. g3 Bb7 7. Bg2 Nf6 8. Qd3 d6 9. a3 Nbd7 10. 0-0 Be7 11. Nb3 0-0 12. Bf4 Qc7 13. Rad1 Ne5 14. Bxe5 dxe5 15. Qe2 Bxa3 16. bxa3 Qxc3 17. Rd3 Qc7 18. g4 g6 19. Rfd1 Rfd8 20. Bf3 h6 21. Qe3 Kg7 22. Qc5 Rdc8 23. Qe3 g5 24. R1d2 Kg6 25. h3 a5 26. Bg2 Qc4 27. f3 a4 28. Nc1 b4 29. Qb6 Ba6 30. axb4 Rc6 31. Qa5 Bb7 32. Qxe5 Qxb4 33. Bf1 a3 34. Nb3 a2 35. Qa1 Ba6 36. Qxa2 Qb7 37. e5 Nd5 38. Rxd5 exd5 39. Qb2 Bxf1 40. Kxf1 Rc4 41. e6 Qa6 42. Kg2 Qxe6 43. Nd4 Qe3 44. Qb6+ f6 45. Rd3 Rxc2+ 0-1

[Event "Kiev Independence Cup-B 6th"]
[Site "Kiev"]
[Date "2006.08.10"]
[Round "9"]
[White "Vusatiuk, Andrey"]
[Black "Perun, Sergey"]
[Result "1/2-1/2"]
[WhiteElo "2305"]
[BlackElo "2355"]
[PlyCount "40"]
[EventDate "2006.08.02"]
[EventType "swiss"]
[EventRounds "9"]
[EventCountry "UKR"]
[SourceTitle "CBM 113 Extra"]
[Source "ChessBase"]
[SourceDate "2006.09.14"]
[SourceVersion "1"]
[SourceVersionDate "2006.09.14"]
[SourceQuality "1"]

1. d4 Nf6 2. c4 g6 3. Nf3 Bg7 4. Nc3 0-0 5. e4 d6 6. Be2 e5 7. 0-0 Nc6 8. Be3 Ng4 9. Bg5 f6 10. Bc1 f5 11. Bg5 Bf6 12. Bxf6 Qxf6 13. exf5 Bxf5 14. dxe5 Ngxe5 15. Qd2 Rae8 16. Rad1 Kh8 17. Rfe1 a6 18. Nd5 Qd8 19. b3 Nxf3+ 20. Bxf3 Ne5 1/2-1/2

[Event "Kiev Independence Cup-B 6th"]
[Site "Kiev"]
[Date "2006.08.09"]
[Round "8"]
[White "Perun, Sergey"]
[Black "Ianovsky, Alexander"]
[Result "1/2-1/2"]
[WhiteElo "2355"]
[BlackElo "2308"]
[PlyCount "76"]
[EventDate "2006.08.02"]
[EventType "swiss"]
[EventRounds "9"]
[EventCountry "UKR"]
[SourceTitle "CBM 113 Extra"]
[Source "ChessBase"]
[SourceDate "2006.09.14"]
[SourceVersion "1"]
[SourceVersionDate "2006.09.14"]
[SourceQuality "1"]

1. e4 c5 2. c3 d5 3. exd5 Qxd5 4. d4 Nf6 5. Nf3 e6 6. Be2 Nc6 7. 0-0 Be7 8. Na3 0-0 9. Nb5 Qd8 10. dxc5 Bxc5 11. Nbd4 Bd7 12. Be3 Be7 13. Nxc6 Bxc6 14. Ne5 Bd5 15. c4 Be4 16. Qxd8 Rfxd8 17. f3 Bf5 18. g4 Bc2 19. Rac1 Ba4 20. b3 Be8 21. Rcd1 Nd7 22. Nxd7 Rxd7 23. Bd3 Rad8 24. Bc2 Rxd1 25. Rxd1 Rxd1+ 26. Bxd1 a6 27. Bd2 Bc5+ 28. Kg2 Bd4 29. b4 f5 30. gxf5 exf5 31. f4 Bf7 32. Be2 Kf8 33. a4 Ke7 34. b5 axb5 35. Bb4+ Kd7 36. cxb5 b6 37. Bf3 Kc7 38. a5 bxa5 1/2-1/2

[Event "Kiev Independence Cup-B 6th"]
[Site "Kiev"]
[Date "2006.08.03"]
[Round "2"]
[White "Perun, Sergey"]
[Black "Gubay, Nikolay"]
[Result "1-0"]
[WhiteElo "2355"]
[BlackElo "2165"]
[PlyCount "51"]
[EventDate "2006.08.02"]
[EventType "swiss"]
[EventRounds "9"]
[EventCountry "UKR"]
[SourceTitle "CBM 113 Extra"]
[Source "ChessBase"]
[SourceDate "2006.09.14"]
[SourceVersion "1"]
[SourceVersionDate "2006.09.14"]
[SourceQuality "1"]

1. d4 Nf6 2. c4 e6 3. g3 Bb4+ 4. Bd2 Be7 5. Bg2 d5 6. Nf3 0-0 7. 0-0 b6 8. cxd5 exd5 9. b4 Bb7 10. Qb3 Ne4 11. Be3 Nd7 12. Nc3 Ndf6 13. Rac1 Bd6 14. Ne5 Qe7 15. Nb5 a6 16. Nxd6 cxd6 17. Nd3 Ng4 18. Nf4 Nxe3 19. Qxe3 Rfe8 20. Rc2 Qd7 21. Rfc1 Rac8 22. Qb3 Rxc2 23. Rxc2 Rc8 24. Bh3 f5 25. Nxd5 Rxc2 26. Nf6+ 1-0

[Event "Stepichev Memorial 13th"]
[Site "Kiev"]
[Date "2006.01.17"]
[Round "11"]
[White "Semenov, Dmitri"]
[Black "Perun, Sergey"]
[Result "1-0"]
[WhiteElo "2342"]
[BlackElo "2355"]
[PlyCount "73"]
[EventDate "2006.01.08"]
[EventType "tourn"]
[EventRounds "11"]
[EventCountry "UKR"]
[EventCategory "2"]
[SourceTitle "CBM 110 Extra"]
[Source "ChessBase"]
[SourceDate "2006.03.10"]
[SourceVersion "2"]
[SourceVersionDate "2006.03.10"]
[SourceQuality "1"]

1. d4 d5 2. c4 c6 3. Nc3 Nf6 4. e3 a6 5. Nf3 Bg4 6. Qb3 Ra7 7. Ne5 e6 8. Nxg4 Nxg4 9. f3 Nf6 10. cxd5 exd5 11. Bd3 Bd6 12. 0-0 0-0 13. e4 dxe4 14. Nxe4 Nd5 15. Nxd6 Qxd6 16. Re1 Nd7 17. Qc2 N7f6 18. Bd2 Nb4 19. Bxb4 Qxb4 20. Qc5 Qxc5 21. dxc5 Nd5 22. Rad1 Raa8 23. Bc4 Rad8 24. Bxd5 Rxd5 25. Rxd5 cxd5 26. Re7 Rb8 27. Rd7 Kf8 28. Rxd5 b6 29. b3 Ke7 30. Kf2 bxc5 31. Rxc5 Rb6 32. Ra5 Rc6 33. Ke3 Kd7 34. b4 Re6+ 35. Kd3 Kc7 36. Rf5 f6 37. a4 1-0

[Event "Stepichev Memorial 13th"]
[Site "Kiev"]
[Date "2006.01.15"]
[Round "9"]
[White "Golichenko, Ilja"]
[Black "Perun, Sergey"]
[Result "1-0"]
[WhiteElo "2277"]
[BlackElo "2355"]
[PlyCount "49"]
[EventDate "2006.01.08"]
[EventType "tourn"]
[EventRounds "11"]
[EventCountry "UKR"]
[EventCategory "2"]
[SourceTitle "CBM 110 Extra"]
[Source "ChessBase"]
[SourceDate "2006.03.10"]
[SourceVersion "2"]
[SourceVersionDate "2006.03.10"]
[SourceQuality "1"]

1. d4 d5 2. c4 c6 3. Nf3 Nf6 4. Nc3 dxc4 5. a4 Bf5 6. Ne5 e6 7. g3 Bb4 8. Bg2 Ne4 9. Bxe4 Bxe4 10. 0-0 Bg6 11. Nxc4 a5 12. Na2 Na6 13. Nxb4 Nxb4 14. Bf4 0-0 15. Bd6 Re8 16. Bxb4 axb4 17. a5 b3 18. Qxb3 Qxd4 19. Rfd1 Qc5 20. Rac1 Qb5 21. Qxb5 cxb5 22. Nd6 Reb8 23. b4 b6 24. axb6 Rxb6 25. Nc8 1-0

[Event "Stepichev Memorial 13th"]
[Site "Kiev"]
[Date "2006.01.11"]
[Round "4"]
[White "Kernazhitsky, Leonid"]
[Black "Perun, Sergey"]
[Result "1/2-1/2"]
[WhiteElo "2355"]
[BlackElo "2355"]
[PlyCount "42"]
[EventDate "2006.01.08"]
[EventType "tourn"]
[EventRounds "11"]
[EventCountry "UKR"]
[EventCategory "2"]
[SourceTitle "CBM 110 Extra"]
[Source "ChessBase"]
[SourceDate "2006.03.10"]
[SourceVersion "2"]
[SourceVersionDate "2006.03.10"]
[SourceQuality "1"]

1. e4 c5 2. Nf3 e6 3. d4 cxd4 4. Nxd4 Nc6 5. Nc3 Qc7 6. Be3 a6 7. Qd2 Nf6 8. 0-0-0 Bb4 9. f3 Na5 10. Kb1 Bxc3 11. bxc3 Nc4 12. Bxc4 Qxc4 13. Bf4 d5 14. Be5 0-0 15. Bxf6 gxf6 16. e5 Qc7 17. Rhe1 Qe7 18. Qf4 fxe5 19. Qg3+ Kh8 20. Qxe5+ f6 21. Qxd5 e5 1/2-1/2

[Event "Nabokov Memorial 3rd"]
[Site "Kiev"]
[Date "2005.04.26"]
[Round "9"]
[White "Perun, Sergey"]
[Black "Pavlov, Sergey1111"]
[Result "1/2-1/2"]
[WhiteElo "2349"]
[BlackElo "2449"]
[PlyCount "64"]
[EventDate "2005.04.19"]
[EventType "tourn"]
[EventRounds "11"]
[EventCountry "UKR"]
[EventCategory "5"]
[SourceTitle "CBM 105 Extra"]
[Source "ChessBase"]
[SourceDate "2005.05.01"]
[SourceVersion "1"]
[SourceVersionDate "2005.05.01"]
[SourceQuality "1"]

1. e4 c5 2. Nf3 d6 3. d4 cxd4 4. Nxd4 Nf6 5. Nc3 a6 6. Bc4 e6 7. Bb3 Nbd7 8. f4 Nc5 9. e5 dxe5 10. fxe5 Nfd7 11. Bf4 b5 12. Qg4 h5 13. Qg3 h4 14. Qg4 h3 15. gxh3 b4 16. Na4 Bb7 17. Nxc5 Nxc5 18. Nxe6 Nxe6 19. Ba4+ Ke7 20. Bg5+ Nxg5 21. Qxg5+ f6 22. exf6+ gxf6 23. Qe3+ Kf7 24. Bb3+ Bd5 25. Rd1 Bh6 26. Rxd5 Bxe3 27. Rxd8+ Kg6 28. Rxa8 Rxa8 29. Ke2 Re8 30. Kd3 f5 31. h4 f4 32. Bd5 Kf5 1/2-1/2

[Event "Nabokov Memorial 3rd"]
[Site "Kiev"]
[Date "2005.04.23"]
[Round "6"]
[White "Onischuk, Vladimir"]
[Black "Perun, Sergey"]
[Result "1-0"]
[WhiteElo "2353"]
[BlackElo "2349"]
[PlyCount "113"]
[EventDate "2005.04.19"]
[EventType "tourn"]
[EventRounds "11"]
[EventCountry "UKR"]
[EventCategory "5"]
[SourceTitle "CBM 105 Extra"]
[Source "ChessBase"]
[SourceDate "2005.05.01"]
[SourceVersion "1"]
[SourceVersionDate "2005.05.01"]
[SourceQuality "1"]

1. e4 c5 2. Nf3 e6 3. Nc3 a6 4. d4 cxd4 5. Nxd4 b5 6. Bd3 Qb6 7. Be3 Bc5 8. Be2 Nc6 9. Nxc6 dxc6 10. Bxc5 Qxc5 11. Qd3 Nf6 12. f4 e5 13. f5 h5 14. 0-0-0 Bb7 15. h3 h4 16. g3 hxg3 17. Qxg3 Ke7 18. Rhg1 Rh7 19. h4 Ke8 20. h5 Rd8 21. a3 Bc8 22. Kb1 Rxd1+ 23. Rxd1 Bd7 24. Bf3 Kf8 25. Ne2 Be8 26. Nc1 Qe3 27. Rd3 Qf4 28. Qg1 Rxh5 29. Bxh5 Nxh5 30. Qc5+ Kg8 31. Qe7 Nf6 32. Rd8 Qxe4 33. Rxe8+ Nxe8 34. Qxe8+ Kh7 35. Qxf7 Qd5 36. Qg6+ Kh8 37. f6 gxf6 38. Qxf6+ Kg8 39. Qg6+ Kf8 40. Qd3 Qe6 41. Qe4 Ke7 42. Nd3 Kd6 43. Qb4+ Kc7 44. Qa5+ Kc8 45. Qxa6+ Kc7 46. Qa7+ Kc8 47. Nc5 Qd5 48. Qb7+ Kd8 49. Qb8+ Ke7 50. Qc7+ Kf6 51. Nd3 e4 52. Qf4+ Kg7 53. Nf2 Qd4 54. Qg4+ Kf6 55. Qf4+ Kg7 56. Nxe4 Qd1+ 57. Qc1 1-0